书目信息 |
| 题名: |
现代排球训练理论与实践
|
|
| 作者: | 黄辅周 , 李安格 编 | |
| 分册: | ||
| 出版信息: | 北京 人民体育出版社 1985 |
|
| 页数: | 682页 | |
| 开本: | 19cm | |
| 丛书名: | ||
| 单 册: | ||
| 中图分类: | G842.1 | |
| 科图分类: | ||
| 主题词: | 排球运动--理论 | |
| 电子资源: | ||
| ISBN: | ||
| 000 | 00699nam0 2200241 45 | |
| 001 | 0185012256 | |
| 005 | 20060517094525.26 | |
| 010 | @dCNY4.40 | |
| 091 | @a7015.2260 | |
| 100 | @a19951027d1985 em y0chiy0121 ea | |
| 101 | 0 | @achi |
| 102 | @aCN@b110000 | |
| 105 | @ay z 000yy | |
| 200 | 10 | @a现代排球训练理论与实践@Axian dai pai qiu xun lian li lun yu shi jian@f李安格,黄辅周编@Fli an ge,huang fu zhou bian |
| 210 | @a北京@c人民体育出版社@d1985 | |
| 215 | @a682页@d19cm | |
| 606 | @a排球运动@x理论 | |
| 690 | @aG842.1@v3 | |
| 701 | 0 | @a黄辅周@4编@Ahuang fu zhou |
| 701 | 0 | @a李安格@4编@Ali an ge |
| 801 | 2 | @aCN@bNLC@c20060517 |
| 801 | 0 | @aCN@b深圳图书馆@c20040506 |
| 905 | @dG842.1@e60 | |
| 现代排球训练理论与实践/李安格,黄辅周编.-北京:人民体育出版社,1985 |
| 682页;19cm |
| ISBN :CNY4.40 |
| ● |
| 相关链接 |
|
|
|
|
正题名:现代排球训练理论与实践
索取号:G842.1/60
 
预约/预借
| 序号 | 登录号 | 条形码 | 馆藏地/架位号 | 状态 | 备注 |
| 1 | 0232697 | 002067453 | 第一样本阅览室/ [索取号:G842.1/60] | 在馆 | |
| 2 | 0233649 | 202352890 | 密集书库/ [索取号:G842.1/60] | 在馆 | |
| 3 | 0233650 | 000301471 | 第四借阅区/ [索取号:G842.1/60] | 在馆 |